00561 2200205 4500001002100000005001700021008004100038035002400079082001100103090001600114245008800130500003100218650002100249700001900270700001900289850001200308980001400320985000600334999001500340YOGYA-0209000005268620090227033014.0 ind  0010-020900000052686 a808.06 a808.06bPed aPEDOMAN Karangan-mengarangcoleh Bistok Sirait...(et.al) ; penyunting Hans Lapoliwa aBibliografi : hlm. 185-186 aTeknik penulisan aSirait, Bistok aLapoliwa, Hans aYOPDYOG a6-12-2007 a1 aA000001032